00390nam a2200145Ia 4500008004100000020001500041041001200056082001600068100001900084245007300103260002500176300000900201650001400210700002000224221030s9999 xx 000 0 und d a0070601720 aEnglish a105.23bBuc aG. R. Buchanan 0aSchaum`s Finite Element Analysiscby G. R. Buchanan, R. Rudramoorthy bTMHaNew Delhic2006 a7.41 aMCA Maths aR. Rudramoorthy